000 00932nam a2200265Ia 4500
003 OSt
005 20220926005112.0
006 a|||||r|||| 00| 0
007 ta
008 220923b |||||||| |||| 00| 0 eng d
020 _a0761933360
_c722.5
037 _bRKBA\09-10\4359, 27/05/2011, RAJKIRAN BOOK AGENCY
_cGeneral Book
040 _aRTL
_cRTL
_beng
041 _2eng
_aeng
082 _aV243.N47<-M49, P5
100 _aTAN Tai Yong
_916966
245 0 _aGarrison State
_b The Military, government and society in colonial Punjab, 1849-1947
260 _a New Delhi
_bSage Publications
_c2005
300 _a333p
_ccm.
490 _aSage Series in Modern Indian History; 8
500 _aGlossary: P 310-11; Bibliography: P 312-20
650 _aSociology
942 _hV243.N47<-M49, P5
_cGB
_2CC
999 _c613003
_d613003